[Event "Almaty Open 2019"]
[Site "Almaty"]
[Date "2019.10.14"]
[Round "9.14"]
[White "Bizhigitov, Zhangir"]
[Black "Zhukenov, Aituar"]
[Result "0-1"]
[WhiteElo "2018"]
[BlackElo "2196"]
[Annotator "NA RC"]
[PlyCount "146"]
[EventDate "2019.10.07"]
[EventType "swiss"]
[EventCountry "KAZ"]
[SourceTitle "playchess.com"]
[Source "ChessBase"]
[SourceQuality "1"]
[TimeControl "5400+30"]

1. e4 {[%emt 0:00:00]} e6 {[%emt 0:00:00]} 2. Qe2 {[%emt 0:01:32]} c5 {[%emt 0:01:13]} 3. Nf3 {[%emt 0:00:45]} Nc6 {[%emt 0:01:06]} 4. g3 {[%emt 0:00:41]} g6 {[%emt 0:03:27]} 5. Bg2 {[%emt 0:00:32]} Bg7 {[%emt 0:00:09]} 6. c3 {[%emt 0:02:20]} Nge7 {[%emt 0:02:52]} 7. Na3 {[%emt 0:02:28]} O-O {[%emt 0:04:20]} 8. O-O {[%emt 0:04:56]} d5 {[%emt 0:15:03]} 9. d3 {[%emt 0:05:12]} d4 {[%emt 0:05:12]} 10. cxd4 {[%emt 0:17:53]} cxd4 {[%emt 0:11:17]} 11. e5 {[%emt 0:07:32]} b6 {[%emt 0:06:04]} 12. Nc4 {[%emt 0:06:13]} Ba6 {[%emt 0:06:10]} 13. b3 {[%emt 0:14:13]} b5 {[%emt 0:11:00]} 14. Nd6 {[%emt 0:05:40]} Nd5 {[%emt 0:02:52]} 15. Ne4 {[%emt 0:07:50]} Nc3 {[%emt 0:05:32]} 16. Nxc3 {[%emt 0:06:48]} dxc3 {[%emt 0:00:02]} 17. Be3 {[%emt 0:01:09]} b4 {[%emt 0:00:50]} 18. Rfd1 {[%emt 0:00:35]} Qa5 {[%emt 0:02:37]} 19. Bf4 {[%emt 0:05:04]} Rfd8 {[%emt 0:04:37]} 20. Qc2 {[%emt 0:03:25]} Rd5 {[%emt 0:03:10]} 21. d4 {[%emt 0:00:39]} Rad8 {[%emt 0:00:16]} 22. Be3 {[%emt 0:00:12]} Bb5 {[%emt 0:06:24]} 23. h4 {[%emt 0:01:01]} Qa6 {[%emt 0:00:50]} 24. a3 {[%emt 0:04:21]} Be2 {[%emt 0:04:29]} 25. Rdc1 {[%emt 0:00:09]} Bd3 {[%emt 0:01:45]} 26. Bf1 {[%emt 0:00:51]} Bxc2 {[%emt 0:00:49]} 27. Bxa6 {[%emt 0:00:03]} Be4 {[%emt 0:00:31]} 28. Ng5 {[%emt 0:01:08]} Nxd4 {[%emt 0:00:43]} 29. Nxe4 {[%emt 0:00:25]} Nxb3 30. axb4 {[%emt 0:00:44]} Nxa1 {[%emt 0:00:49]} 31. Nxc3 {[%emt 0:00:35]} Nb3 {[%emt 0:00:38]} 32. Rb1 {[%emt 0:00:15]} Nd2 {[%emt 0:00:12]} 33. Nxd5 {[%emt 0:00:23]} Nxb1 {[%emt 0:00:03]} 34. Ne7+ {[%emt 0:00:07]} Kh8 {[%emt 0:00:55]} 35. Nc6 {[%emt 0:00:43]} Rd1+ {[%emt 0:00:30]} 36. Kg2 {[%emt 0:00:06]} Nc3 {[%emt 0:00:43]} 37. Bxa7 {[%emt 0:00:47]} Rb1 {[%emt 0:00:32]} 38. Bd4 {[%emt 0:00:49]} Nd5 {[%emt 0:00:33]} 39. Bc5 {[%emt 0:00:33]} f6 {[%emt 0:00:22]} 40. Bd3 {[%emt 0:00:29]} Rb2 {[%emt 0:00:19]} 41. exf6 {[%emt 0:00:35]} Bxf6 {[%emt 0:00:03]} 42. b5 {[%emt 0:00:16]} Kg7 {[%emt 0:00:38]} 43. Kf1 {[%emt 0:00:52]} Kf7 {[%emt 0:00:07]} 44. Bc4 {[%emt 0:00:27]} Rc2 {[%emt 0:01:22]} 45. Bxd5 {[%emt 0:00:19]} Rxc5 {[%emt 0:00:46]} 46. b6 {[%emt 0:00:15]} Rb5 {[%emt 0:00:33]} 47. b7 {[%emt 0:00:16]} exd5 {[%emt 0:00:31]} 48. b8=Q {[%emt 0:00:04]} Rxb8 {[%emt 0:00:03]} 49. Nxb8 {[%emt 0:00:03]} Ke6 {[%emt 0:00:25]} 50. Na6 {[%emt 0:00:55]} Be7 {[%emt 0:00:29]} 51. Nc7+ {[%emt 0:00:28]} Ke5 {[%emt 0:00:17]} 52. Ke2 {[%emt 0:00:34]} Bd8 {[%emt 0:00:27]} 53. Nb5 {[%emt 0:00:22]} Bb6 {[%emt 0:00:16]} 54. Nc3 {[%emt 0:01:28]} Bd4 {[%emt 0:00:47]} 55. Nd1 {[%emt 0:00:33]} Ke4 {[%emt 0:00:57]} 56. f3+ {[%emt 0:00:30]} Ke5 {[%emt 0:00:15]} 57. Kd3 {[%emt 0:00:23]} Bg1 {[%emt 0:00:28]} 58. Ne3 {[%emt 0:00:52]} h5 {[%emt 0:00:50]} 59. g4 {[%emt 0:00:30]} Bxe3 {[%emt 0:00:45]} 60. gxh5 {[%emt 0:00:37]} Bh6 {[%emt 0:00:18]} 61. hxg6 {[%emt 0:00:10]} Bg7 {[%emt 0:00:29]} 62. h5 {[%emt 0:00:07]} Kf5 {[%emt 0:00:11]} 63. f4 {[%emt 0:00:24]} Bf6 {[%emt 0:00:56]} 64. Ke3 {[%emt 0:00:28]} Bg7 {[%emt 0:00:26]} 65. Kd3 {[%emt 0:00:47]} Ba1 {[%emt 0:00:38]} 66. Ke3 {[%emt 0:00:26]} Kf6 {[%emt 0:00:11]} 67. Kf3 {[%emt 0:00:52]} Kg7 {[%emt 0:00:37]} 68. Kg4 {[%emt 0:00:26]} Kh6 {[%emt 0:00:21]} 69. Kf5 {[%emt 0:00:46]} Bg7 {[%emt 0:00:18]} 70. Kg4 {[%emt 0:00:21]} d4 {[%emt 0:00:24]} 71. f5 {[%emt 0:00:15]} Be5 {[%emt 0:00:10]} 72. Kf3 {[%emt 0:00:51]} Kxh5 {[%emt 0:00:09]} 73. Ke4 {[%emt 0:00:03]} Bg7 {[%emt 0:00:08]} 0-1

[Event "Almaty Open 2019"]
[Site "Almaty"]
[Date "2019.10.14"]
[Round "9.15"]
[White "Malygin, Vladislav"]
[Black "Bekturov, Tamerlan"]
[Result "*"]
[WhiteElo "1941"]
[BlackElo "2226"]
[Annotator "NA RC"]
[PlyCount "142"]
[EventDate "2019.10.07"]
[EventType "swiss"]
[EventCountry "KAZ"]
[SourceTitle "playchess.com"]
[Source "ChessBase"]
[SourceQuality "1"]
[TimeControl "5400+30"]

1. e4 {[%emt 0:00:00]} c6 {[%emt 0:00:09]} 2. d4 {[%emt 0:00:00]} d5 {[%emt 0:00:05]} 3. Nd2 {[%emt 0:01:54]} g6 {[%emt 0:00:07]} 4. c3 {[%emt 0:02:08]} Bg7 {[%emt 0:00:40]} 5. Ngf3 {[%emt 0:00:49]} Nh6 {[%emt 0:01:24]} 6. Bd3 {[%emt 0:01:42]} O-O {[%emt 0:00:23]} 7. O-O {[%emt 0:00:28]} f6 {[%emt 0:00:50]} 8. Re1 {[%emt 0:03:51]} Nf7 {[%emt 0:01:18]} 9. c4 {[%emt 0:05:00]} e6 {[%emt 0:13:00]} 10. Qb3 {[%emt 0:01:25]} b6 {[%emt 0:02:32]} 11. Nf1 {[%emt 0:13:38]} Bb7 {[%emt 0:04:29]} 12. exd5 {[%emt 0:02:21]} exd5 {[%emt 0:06:44]} 13. Bf4 {[%emt 0:01:00]} a5 {[%emt 0:17:52]} 14. Rac1 {[%emt 0:09:31]} a4 {[%emt 0:15:14]} 15. Qa3 {[%emt 0:01:31]} Re8 {[%emt 0:06:05]} 16. Bc7 {[%emt 0:04:02]} Rxe1 {[%emt 0:07:29]} 17. Rxe1 {[%emt 0:00:23]} Qc8 {[%emt 0:04:48]} 18. cxd5 {[%emt 0:21:39]} Bf8 {[%emt 0:02:06]} 19. d6 {[%emt 0:00:44]} Nd7 {[%emt 0:00:06]} 20. Qc3 {[%emt 0:04:40]} Nxd6 {[%emt 0:01:27]} 21. Bxd6 {[%emt 0:00:46]} Bxd6 {[%emt 0:00:07]} 22. Qc4+ {[%emt 0:00:17]} Kg7 {[%emt 0:01:28]} 23. Qe6 {[%emt 0:01:09]} Qc7 {[%emt 0:00:56]} 24. Ng3 {[%emt 0:02:06]} Nf8 {[%emt 0:00:58]} 25. Qg4 {[%emt 0:02:29]} Kh8 {[%emt 0:00:15]} 26. Qh4 {[%emt 0:00:57]} Qg7 {[%emt 0:01:49]} 27. Ne4 {[%emt 0:01:48]} Be7 {[%emt 0:00:14]} 28. Qg3 {[%emt 0:00:29]} Bb4 {[%emt 0:01:13]} 29. Rc1 {[%emt 0:02:22]} a3 {[%emt 0:02:47]} 30. b3 {[%emt 0:00:55]} Rd8 {[%emt 0:00:47]} 31. Qf4 {[%emt 0:01:05]} Ne6 {[%emt 0:01:32]} 32. Qh4 {[%emt 0:07:19]} Be7 {[%emt 0:01:23]} 33. Bc4 {[%emt 0:04:28]} Nxd4 {[%emt 0:02:27]} 34. Nxd4 {[%emt 0:00:36]} Rxd4 {[%emt 0:00:07]} 35. Qf4 {[%emt 0:00:03]} Bf8 {[%emt 0:02:00]} 36. Qe3 {[%emt 0:01:16]} c5 {[%emt 0:00:19]} 37. f3 {[%emt 0:01:53]} Bxe4 {[%emt 0:01:15]} 38. fxe4 {[%emt 0:00:10]} Qh6 {[%emt 0:00:43]} 39. Qxh6 {[%emt 0:01:39]} Bxh6 {[%emt 0:00:05]} 40. Re1 {[%emt 0:00:47]} Rd2 {[%emt 0:00:46]} 41. Re2 {[%emt 0:00:04]} Rd1+ {[%emt 0:01:00]} 42. Kf2 {[%emt 0:00:05]} Ra1 {[%emt 0:00:44]} 43. Kf3 {[%emt 0:01:22]} Rd1 {[%emt 0:00:47]} 44. e5 {[%emt 0:00:29]} fxe5 {[%emt 0:00:44]} 45. Rxe5 {[%emt 0:00:10]} Bc1 {[%emt 0:00:40]} 46. b4 {[%emt 0:00:55]} cxb4 {[%emt 0:00:30]} 47. Rb5 {[%emt 0:00:14]} Rd4 {[%emt 0:00:34]} 48. Be6 {[%emt 0:00:46]} Rd6 {[%emt 0:00:07]} 49. Bc4 {[%emt 0:00:18]} Bd2 {[%emt 0:00:26]} 50. Ke4 {[%emt 0:00:26]} Bc3 {[%emt 0:00:50]} 51. Rd5 {[%emt 0:00:31]} Rc6 {[%emt 0:00:18]} 52. Kd3 {[%emt 0:00:26]} Kg7 {[%emt 0:00:24]} 53. g4 {[%emt 0:00:48]} h6 {[%emt 0:00:37]} 54. h4 {[%emt 0:00:10]} Rf6 {[%emt 0:00:40]} 55. h5 {[%emt 0:00:44]} g5 {[%emt 0:00:27]} 56. Rd7+ {[%emt 0:00:24]} Kf8 {[%emt 0:00:07]} 57. Rh7 {[%emt 0:00:46]} Rd6+ {[%emt 0:00:23]} 58. Ke3 {[%emt 0:00:30]} Bg7 {[%emt 0:00:07]} 59. Bb3 {[%emt 0:00:27]} Rf6 {[%emt 0:00:33]} 60. Bc4 {[%emt 0:00:34]} Rf4 {[%emt 0:00:38]} 61. Be6 {[%emt 0:00:12]} b3 {[%emt 0:00:31]} 62. Bxb3 {[%emt 0:00:04]} Rxg4 {[%emt 0:00:07]} 63. Kf3 {[%emt 0:00:38]} Rf4+ {[%emt 0:00:17]} 64. Ke3 {[%emt 0:00:15]} b5 {[%emt 0:00:10]} 65. Bd5 {[%emt 0:00:11]} b4 {[%emt 0:00:18]} 66. Bb3 {[%emt 0:00:14]} Rh4 {[%emt 0:00:05]} 67. Be6 {[%emt 0:01:11]} b3 {[%emt 0:00:31]} 68. Bxb3 {[%emt 0:00:21]} Rh3+ {[%emt 0:00:06]} 69. Ke4 {[%emt 0:00:50]} Rxb3 {[%emt 0:00:12]} 70. Kf5 {[%emt 0:00:17]} Rf3+ {[%emt 0:00:10]} 71. Kg6 {[%emt 0:01:09]} Rf6# {[%emt 0:00:06]} *

[Event "Almaty Open 2019"]
[Site "Almaty"]
[Date "2019.10.14"]
[Round "9.16"]
[White "Zhakshylykov, Erzhan"]
[Black "Kairbekova, Amina"]
[Result "0-1"]
[WhiteElo "1999"]
[BlackElo "2096"]
[Annotator "NA RC"]
[PlyCount "75"]
[EventDate "2019.10.07"]
[EventType "swiss"]
[EventCountry "KAZ"]
[SourceTitle "playchess.com"]
[Source "ChessBase"]
[SourceQuality "1"]
[TimeControl "5400+30"]

1. e4 {[%emt 0:05:00]} c5 {[%emt 0:00:00]} 2. Nf3 {[%emt 0:01:26]} e6 {[%emt 0:00:00]} 3. d4 {[%emt 0:00:38]} cxd4 {[%emt 0:00:00]} 4. Nxd4 {[%emt 0:00:07]} Nc6 {[%emt 0:00:00]} 5. Nc3 {[%emt 0:01:07]} Qc7 {[%emt 0:00:00]} 6. Be2 {[%emt 0:03:22]} Nf6 {[%emt 0:00:36]} 7. O-O {[%emt 0:01:34]} a6 {[%emt 0:00:02]} 8. Be3 {[%emt 0:02:50]} Bb4 {[%emt 0:00:03]} 9. Nxc6 {[%emt 0:04:20]} bxc6 {[%emt 0:00:05]} 10. Bd3 {[%emt 0:01:55]} O-O {[%emt 0:04:10]} 11. Na4 {[%emt 0:04:34]} d5 {[%emt 0:02:03]} 12. Nb6 {[%emt 0:04:08]} Rb8 {[%emt 0:00:05]} 13. Nxc8 {[%emt 0:00:07]} Qxc8 {[%emt 0:00:45]} 14. exd5 {[%emt 0:07:13]} Nxd5 {[%emt 0:14:34]} 15. Bd4 {[%emt 0:04:27]} f6 {[%emt 0:26:35]} 16. Qh5 {[%emt 0:04:47]} h6 {[%emt 0:00:55]} 17. Qg6 {[%emt 0:09:15]} Nf4 {[%emt 0:00:20]} 18. Qh7+ {[%emt 0:00:41]} Kf7 {[%emt 0:00:01]} 19. Bc4 {[%emt 0:00:51]} Ng6 {[%emt 0:12:01]} 20. Bd3 {[%emt 0:03:26]} Nf4 {[%emt 0:00:15]} 21. Bc4 {[%emt 0:01:26]} Bd6 {[%emt 0:02:46]} 22. Rfe1 {[%emt 0:02:40]} Rb4 {[%emt 0:00:28]} 23. b3 {[%emt 0:03:24]} Rxc4 {[%emt 0:03:57]} 24. bxc4 {[%emt 0:00:08]} Ng6 {[%emt 0:00:03]} 25. Bxf6 {[%emt 0:04:59]} Kxf6 {[%emt 0:00:06]} 26. Re3 {[%emt 0:00:05]} Rh8 {[%emt 0:02:44]} 27. Rf3+ {[%emt 0:00:08]} Bf4 {[%emt 0:00:04]} 28. Rxf4+ {[%emt 0:00:09]} Nxf4 {[%emt 0:00:04]} 29. Qe4 {[%emt 0:00:22]} g5 {[%emt 0:07:35]} 30. g3 {[%emt 0:01:15]} Ng6 {[%emt 0:00:25]} 31. Rd1 {[%emt 0:00:36]} Rd8 {[%emt 0:03:05]} 32. Rxd8 {[%emt 0:01:00]} Qxd8 {[%emt 0:00:14]} 33. Qxc6 {[%emt 0:00:30]} Qd1+ {[%emt 0:00:04]} 34. Kg2 {[%emt 0:00:11]} Qxc2 {[%emt 0:00:05]} 35. c5 {[%emt 0:01:21]} Ne5 {[%emt 0:02:11]} 36. Qa8 {[%emt 0:00:16]} Qxc5 {[%emt 0:00:25]} 37. Qh8+ {[%emt 0:01:17]} Ke7 {[%emt 0:00:39]} 38. Qxh6 {[%emt 0:00:21]} 0-1

[Event "Almaty Open 2019"]
[Site "Almaty"]
[Date "2019.10.14"]
[Round "9.17"]
[White "Nurgaliyev, Sauat"]
[Black "Balabayeva, Xeniya"]
[Result "1-0"]
[WhiteElo "1995"]
[BlackElo "1986"]
[Annotator "NA RC"]
[PlyCount "89"]
[EventDate "2019.10.07"]
[EventType "swiss"]
[EventCountry "KAZ"]
[SourceTitle "playchess.com"]
[Source "ChessBase"]
[SourceQuality "1"]
[TimeControl "5400+30"]

1. e4 {[%emt 0:00:00]} c5 {[%emt 0:00:00]} 2. Nf3 {[%emt 0:00:00]} Nc6 {[%emt 0:00:00]} 3. d4 {[%emt 0:00:13]} cxd4 {[%emt 0:00:00]} 4. Nxd4 {[%emt 0:00:07]} Nf6 {[%emt 0:00:00]} 5. Nc3 {[%emt 0:00:09]} e6 {[%emt 0:00:03]} 6. Ndb5 {[%emt 0:00:14]} Bc5 {[%emt 0:00:10]} 7. Nd6+ {[%emt 0:00:12]} Ke7 {[%emt 0:00:14]} 8. Bf4 {[%emt 0:00:14]} e5 {[%emt 0:00:36]} 9. Nf5+ {[%emt 0:00:06]} Kf8 {[%emt 0:00:05]} 10. Bg5 {[%emt 0:00:07]} d6 {[%emt 0:02:57]} 11. Bc4 {[%emt 0:00:44]} h6 {[%emt 0:01:57]} 12. Bxf6 {[%emt 0:02:58]} Qxf6 {[%emt 0:00:50]} 13. Ne3 {[%emt 0:02:13]} Be6 {[%emt 0:09:38]} 14. O-O {[%emt 0:03:48]} Qg6 {[%emt 0:16:32]} 15. Bb3 {[%emt 0:08:35]} h5 {[%emt 0:14:33]} 16. Kh1 {[%emt 0:03:46]} Nd4 {[%emt 0:08:11]} 17. Bxe6 {[%emt 0:04:27]} fxe6 {[%emt 0:07:50]} 18. Na4 {[%emt 0:02:35]} Ke7 {[%emt 0:04:48]} 19. Nxc5 {[%emt 0:02:14]} dxc5 {[%emt 0:00:02]} 20. c3 {[%emt 0:01:24]} Nc6 {[%emt 0:00:18]} 21. Qb3 {[%emt 0:01:34]} b6 {[%emt 0:01:00]} 22. Qa4 {[%emt 0:01:23]} Rac8 {[%emt 0:01:13]} 23. Rad1 {[%emt 0:02:38]} Rhf8 {[%emt 0:06:33]} 24. Rd2 {[%emt 0:05:55]} Rf4 {[%emt 0:08:48]} 25. f3 {[%emt 0:01:17]} Rc7 {[%emt 0:03:11]} 26. Rfd1 {[%emt 0:01:34]} Qe8 {[%emt 0:00:52]} 27. Rd6 {[%emt 0:03:14]} Qc8 {[%emt 0:01:13]} 28. Nc4 {[%emt 0:03:55]} Rf6 {[%emt 0:03:06]} 29. R6d2 {[%emt 0:07:51]} g5 {[%emt 0:02:44]} 30. Nd6 {[%emt 0:01:47]} Qa8 {[%emt 0:00:05]} 31. Nb5 {[%emt 0:02:54]} Rb7 {[%emt 0:00:19]} 32. Nd6 {[%emt 0:10:09]} Rc7 {[%emt 0:00:29]} 33. Rd3 {[%emt 0:03:08]} a6 {[%emt 0:02:59]} 34. Nb5 {[%emt 0:10:15]} Rb7 {[%emt 0:01:21]} 35. Rd6 {[%emt 0:00:55]} Qc8 {[%emt 0:02:22]} 36. Qxa6 {[%emt 0:02:46]} g4 {[%emt 0:00:33]} 37. R6d3 {[%emt 0:02:13]} Qb8 {[%emt 0:00:54]} 38. Nd6 {[%emt 0:00:40]} Rc7 {[%emt 0:00:36]} 39. Nc4 {[%emt 0:00:54]} Rb7 {[%emt 0:00:25]} 40. Qb5 {[%emt 0:01:24]} Qc7 {[%emt 0:00:10]} 41. Nxb6 {[%emt 0:03:48]} Rxb6 {[%emt 0:01:19]} 42. Rd7+ {[%emt 0:01:27]} Ke8 {[%emt 0:00:07]} 43. Qxc5 {[%emt 0:00:38]} Qb8 {[%emt 0:00:23]} 44. Rh7 {[%emt 0:00:52]} Rf8 {[%emt 0:00:39]} 45. Rdd7 {[%emt 0:01:09]} 1-0

[Event "Almaty Open 2019"]
[Site "Almaty"]
[Date "2019.10.14"]
[Round "9.18"]
[White "Baimurzin, Aitkazy"]
[Black "Igen, Amir"]
[Result "0-1"]
[WhiteElo "2036"]
[BlackElo "1934"]
[Annotator "NA RC"]
[PlyCount "66"]
[EventDate "2019.10.07"]
[EventType "swiss"]
[EventCountry "KAZ"]
[SourceTitle "playchess.com"]
[Source "ChessBase"]
[SourceQuality "1"]
[TimeControl "5400+30"]

1. e4 {[%emt 0:00:12]} c5 {[%emt 0:00:00]} 2. Nf3 {[%emt 0:00:31]} d6 {[%emt 0:00:00]} 3. c3 {[%emt 0:01:06]} Nf6 {[%emt 0:00:00]} 4. Bd3 {[%emt 0:01:00]} Nc6 {[%emt 0:00:29]} 5. Bc2 {[%emt 0:00:13]} Bg4 {[%emt 0:05:04]} 6. h3 {[%emt 0:02:32]} Bh5 {[%emt 0:00:08]} 7. d3 {[%emt 0:01:03]} e5 {[%emt 0:04:13]} 8. Be3 {[%emt 0:01:34]} d5 {[%emt 0:02:47]} 9. Nbd2 {[%emt 0:04:13]} Be7 {[%emt 0:00:18]} 10. g4 {[%emt 0:03:46]} Bg6 {[%emt 0:00:09]} 11. Nh4 {[%emt 0:03:04]} d4 {[%emt 0:08:30]} 12. cxd4 {[%emt 0:04:11]} cxd4 {[%emt 0:01:27]} 13. Bg5 {[%emt 0:00:36]} Nd7 {[%emt 0:01:22]} 14. Bxe7 {[%emt 0:03:04]} Qxe7 {[%emt 0:00:05]} 15. Nf5 {[%emt 0:00:23]} Bxf5 {[%emt 0:00:45]} 16. exf5 {[%emt 0:00:29]} Nc5 {[%emt 0:02:24]} 17. Qf3 {[%emt 0:02:28]} Nb4 {[%emt 0:08:29]} 18. Bb1 {[%emt 0:00:57]} O-O-O {[%emt 0:00:30]} 19. a3 {[%emt 0:11:33]} Nd5 {[%emt 0:00:07]} 20. Ba2 {[%emt 0:05:07]} Nf4 {[%emt 0:00:17]} 21. Rc1 {[%emt 0:00:30]} Kb8 {[%emt 0:00:04]} 22. Bc4 {[%emt 0:00:18]} h5 {[%emt 0:03:35]} 23. Rg1 {[%emt 0:11:19]} hxg4 {[%emt 0:02:36]} 24. hxg4 {[%emt 0:03:24]} Rh3 {[%emt 0:00:09]} 25. Rg3 {[%emt 0:00:24]} Rdh8 {[%emt 0:00:16]} 26. b4 {[%emt 0:07:07]} Rh1+ {[%emt 0:00:29]} 27. Nf1 {[%emt 0:00:22]} Na4 {[%emt 0:00:32]} 28. g5 {[%emt 0:06:29]} Nc3 {[%emt 0:05:05]} 29. Rc2 {[%emt 0:09:50]} Qd7 {[%emt 0:01:44]} 30. f6 {[%emt 0:06:19]} gxf6 {[%emt 0:00:24]} 31. gxf6 {[%emt 0:00:18]} Qa4 {[%emt 0:01:51]} 32. Rxc3 {[%emt 0:06:24]} dxc3 {[%emt 0:00:10]} 33. Qe4 {[%emt 0:00:18]} Rxf1+ {[%emt 0:01:11]} 0-1